Estado y grupos dominantes en El Salvador

Presenta la orientación del estado como reflejo de la presencia de ciertos sectores de la clase dominante en El Salvador, analiza algunos elememtos del proceso histórico en el cual la acción estatal ha incidido posibilitando o manteniendo el proceso de acumulación de la burguesía salvadoreña. Estas...

Ausführliche Beschreibung

Gespeichert in:
Bibliographische Detailangaben
1. Verfasser: Mena Rodríguez, David
Format: Text
Veröffentlicht: San Salvador: Universidad Centroamericana José Simeón Canas
Schlagworte:
Tags: Tag hinzufügen
Keine Tags, Fügen Sie den ersten Tag hinzu!

MARC

LEADER 00000 a a2200000 04500
001 19654
003
040
090 |a 078500  
100 |a Mena Rodríguez, David  
245 |a Estado y grupos dominantes en El Salvador  
260 |a San Salvador:   |b Universidad Centroamericana José Simeón Canas  
300 |a 16 p.  
520 |a Presenta la orientación del estado como reflejo de la presencia de ciertos sectores de la clase dominante en El Salvador, analiza algunos elememtos del proceso histórico en el cual la acción estatal ha incidido posibilitando o manteniendo el proceso de acumulación de la burguesía salvadoreña. Estas accionesse han dirigido a fomentar tanto la agricultura (café, algodón, azúcar), ante las crisis cíclicas del capitalismo, como así también medidas tendientes a desarrollar la industria./ALLV  
650 |a CLASES SOCIALES  
650 |a ESTADO  
650 |a PODER POLITICO  
650 |a POLITICA ECONOMICA  
650 |a DESARROLLO AGRICOLA  
650 |a DESARROLLO INDUSTRIAL  
999 |c 12457  |d 12457